Ambientes, presencias y encuentros : educación humanista ignaciana para el cambio de época /

保存先:
書誌詳細
第一著者: López Calva, J. Martín (autor)
フォーマット: 図書
言語:スペイン語
出版事項: Guadalajara, México : México : ITESO ; Universidad Iberoamericana : Fideicomiso Fernando Bustos Barrena SJ, 2006, c2006
タグ: タグ追加
タグなし, このレコードへの初めてのタグを付けませんか!

MARC

LEADER 00000nam^a2200000^a^4500
001 000597163
005 20250521000000.0
009 20260310133121.096
020 |a 970-9720-16-3 
037 |a Acervo Xavier Clavigero 
041 |a ESP 
091 |a FDU. 00962 
100 |a López Calva, J. Martín  |e (autor) 
245 1 0 |a Ambientes, presencias y encuentros :  |b educación humanista ignaciana para el cambio de época / 
264 4 |a Guadalajara, México :  |b ITESO ;  |a México :  |b Universidad Iberoamericana :  |b Fideicomiso Fernando Bustos Barrena SJ,  |c 2006, c2006 
300 |a 54 p. 
336 |a texto  |b txt  |2 rdacontenido 
337 |a sin mediación  |b n  |2 rdamedio 
338 |a volumen  |b nc  |2 rdasoporte 
649 |a XX 
910 |a Fondo Víctor Raúl Durana Valerio S.J. 
920 |a Impresos - Libros 
930 |a Fondos Especiales 
905 |a 116 
901 |a 597280-10  |b IT2  |c ESP  |i D5528  |u 20250521 
902 |a https://opac.biblio.iteso.mx/vufind/Record/000597163